00547nam a22001097a 4500008004100000100004300041245008800084260003600172300003400208520015900242773003600401260508b ||||| |||| 00| 0 eng d aThomas, Freddy and Rassendren, Gerard  aMacroeconomic determinants in INDIA and their impact ton the INDIAN steel industry  aSocial Science in Perspective  a18(1), Jan-Mar, 2026: p.62-85 aThis study explores the connection between key macrocosmic indicators and finished steel production in INDIA over the period 1990 to 2023. –Reproduced  aSocial Science in Perspective